Vista normal Vista MARC

Entrada Personal Name

Número de registros utilizados en: 1

001 - CONTROL NUMBER

  • control field: 1576

003 - CONTROL NUMBER IDENTIFIER

  • control field: OSt

005 - DATE AND TIME OF LATEST TRANSACTION

  • control field: 20200316145114.0

008 - FIXED-LENGTH DATA ELEMENTS

  • fixed length control field: 200316|| aca||aabn | a|a d

040 ## - CATALOGING SOURCE

  • Original cataloging agency: OSt
  • Transcribing agency: OSt

100 ## - HEADING--PERSONAL NAME

  • Personal name: Alba Lucía,

670 ## - SOURCE DATA FOUND

  • Source citation: Work cat.: (OSt)3939: Aguilera Peña, José Mario, autor 1571, Tomas y ataques guerrilleros :, 2016.